Computational Methods for Electromagnetics (Record no. 609698)

000 -LEADER
fixed length control field 00434nam a22001457a 4500
020 ## - INTERNATIONAL STANDARD BOOK NUMBER
International Standard Book Number 8173713774
040 ## - CATALOGING SOURCE
Transcribing agency NUST
082 ## - DEWEY DECIMAL CLASSIFICATION NUMBER
Classification number 621.3015194
Author Mark PET
100 ## - MAIN ENTRY--PERSONAL NAME
Personal name Peterson ,Andrew.F
9 (RLIN) 123528
110 ## - MAIN ENTRY--CORPORATE NAME
Corporate name or jurisdiction name as entry element Ray ,Scott.L , Mittra ,Raj
9 (RLIN) 123529
245 ## - TITLE STATEMENT
Title Computational Methods for Electromagnetics
260 ## - PUBLICATION, DISTRIBUTION, ETC.
Place of publication, distribution, etc. India:
Name of publisher, distributor, etc. Universities Press,
Date of publication, distribution, etc. 2001.
650 ## - SUBJECT ADDED ENTRY--TOPICAL TERM
Topical term or geographic name entry element Computational Methods for Electromagnetics
9 (RLIN) 123530
942 ## - ADDED ENTRY ELEMENTS (KOHA)
Source of classification or shelving scheme
Koha item type Book

No items available.

© 2023 Central Library, National University of Sciences and Technology. All Rights Reserved.